Ecology, culture and human development: lessons for adivasi education (Record no. 9106)
[ view plain ]
| 000 -LEADER | |
|---|---|
| fixed length control field | 00539nam a2200181Ia 4500 |
| 020 ## - INTERNATIONAL STANDARD BOOK NUMBER | |
| ISBN | 9789386602596 |
| 082 ## - DEWEY DECIMAL CLASSIFICATION NUMBER | |
| Classification number | 305.8071 MIS-E |
| 100 ## - MAIN ENTRY--AUTHOR NAME | |
| Personal name | Mishra, Ramesh C. |
| 245 #0 - TITLE STATEMENT | |
| Title | Ecology, culture and human development: lessons for adivasi education |
| 260 ## - PUBLICATION, DISTRIBUTION, ETC. (IMPRINT) | |
| Place of publication | New Delhi |
| Name of publisher | Sage Publications |
| Year of publication | 2018 |
| 300 ## - PHYSICAL DESCRIPTION | |
| Number of Pages | xiv, 217p |
| 504 ## - BIBLIOGRAPHY, ETC. NOTE | |
| Bibliography, etc | Includes References & Index |
| 650 ## - SUBJECT ADDED ENTRY--TOPICAL TERM | |
| Topical Term | Social group |
| Form subdivision | ethics and national groups |
| 650 ## - SUBJECT ADDED ENTRY--TOPICAL TERM | |
| Topical Term | Human behavior |
| Form subdivision | Aadivasi |
| 650 ## - SUBJECT ADDED ENTRY--TOPICAL TERM | |
| Topical Term | Aadivasi |
| Form subdivision | education |
| 700 ## - ADDED ENTRY--PERSONAL NAME | |
| Personal name | Berry, John W. |
| 942 ## - ADDED ENTRY ELEMENTS (KOHA) | |
| Koha item type | Books |
| Withdrawn status | Lost status | Damaged status | Not for loan | Home library | Current library | Date acquired | Source of acquisition | Bill Date | Full call number | Accession Number | Price effective from | Koha item type |
|---|---|---|---|---|---|---|---|---|---|---|---|---|
| NASSDOC Library | NASSDOC Library | 15/03/2018 | OP | 2018-02-28 | 305.8071 MIS-E | 49623 | 18/04/2019 | Books |
